The wizard of Oz : Pre-intermediate level. t.II, Chapters 10-16

Guardat en:
Dades bibliogràfiques
Autor principal: Walker, Elizabeth.
Altres autors: Baum, L. Frank.
Format: CD
Idioma:English
Publicat: London : Macmillan Education, 2007.
Col·lecció:Macmillan readers
Etiquetes: Afegir etiqueta
Sense etiquetes, Sigues el primer a etiquetar aquest registre!
Thư viện lưu trữ: Thư viện Trường Đại học Đà Lạt
LEADER 00823nam a2200325 4500
001 DLU190190997
005 ##20190509
020 # # |a 9781405087131 
040 # # |a DLU  |b eng 
041 # # |a eng 
044 # # |a us 
082 # # |a 428.6  |b WA-E 
100 # # |a Walker, Elizabeth. 
245 # # |a The wizard of Oz :  |b Pre-intermediate level.  |n t.II,  |p Chapters 10-16   |h [CD-ROM] /  |c Elizabeth Walker; L. Frank Baum. 
256 # # |a 4 3/4 in. 
260 # # |a London :  |b Macmillan Education,  |c 2007. 
300 # # |a 1 CD-ROM ;  |c 4 3/4 in. 
490 # # |a Macmillan readers 
700 # # |a Baum, L. Frank. 
923 # # |a 01/2019NN 
990 # # |a t.II 
992 # # |a 0 
994 # # |a DLU 
900 # # |a True 
911 # # |a Nguyễn Thanh Hương 
925 # # |a CD 
926 # # |a A 
927 # # |a CD 
980 # # |a Thư viện Trường Đại học Đà Lạt